| 000 | 00402nam a2200181Ia 4500 | ||
|---|---|---|---|
| 008 | 090124s9999 xx 000 0 und d | ||
| 082 | _b42829 | ||
| 100 | _aRAICHURA U.B. | ||
| 245 | _aCHEMISTRY | ||
| 250 | _a8 | ||
| 260 |
_bSHETH PUBLICATION _c1993 |
||
| 300 | _a360 | ||
| 600 | _aRAICHURA U.B. | ||
| 630 | _aCHEMISTRY | ||
| 700 | _aRAICHURA U.B. | ||
| 730 | _aCHEMISTRY | ||
| 942 | _cBOOK | ||
| 999 |
_c109059 _d109059 |
||